| 000 | 00580nam a2200229Ia 4500 | ||
|---|---|---|---|
| 005 | 20250425162340.0 | ||
| 008 | 250425s9999 xx 000 0 und d | ||
| 020 | _a8420548022 | ||
| 041 | _aspa | ||
| 082 | _a658 | ||
| 100 | _aMONTANES, PASCUAL | ||
| 245 | 0 | _aCORPORATE GOVERNANCE INTELLIGENCE: DESARROLLANDO LA CORPORACION EN WEB | |
| 250 | _a1A ED. | ||
| 260 |
_aEstados Unidos _bPRENTICE HALL _c2008 |
||
| 260 |
_aS.L. _bPRENTICE HALL |
||
| 300 | _a244 | ||
| 650 | _aCLIENTES | ||
| 650 | _aEMPLEADOS | ||
| 710 | _aPRENTICE HALL | ||
| 942 | _c01 | ||
| 010 | _a64545 | ||
| 999 |
_c227385 _d227385 |
||